000 00683nam a2200229 i 4500
001 7636
003 ES-MaACL
005 20230906145301.0
007 t|
008 910320s1991 sp ||||1| spa d
020 _a84-87561-12-8
080 _a9(567)"1990/1991"
080 _a355.48(567)"1991"
100 1 _aSalinger, Pierre.
_9101960
245 1 0 _aGuerra del Golfo
_b: el dossier secreto /
_cPierre Salinger, Eric Laurent.
250 _a1a ed.
260 _aBarcelona :
_bEdiciones de la Tempestad,
_c1991.
300 _a255 p. ;
_c21 cm.
650 1 4 _aGuerra del Golfo, 1991.
_913198
700 1 _aLaurent, Eric.
_970626
852 _aES-MaACL
_jL-14952
_bR.119189
_z. - rust.
999 _c7636
_d7636